000 00248 a2200097 4500
001 55537
100 _a
245 _aModern physics; latest portfolio of theory and practice
260 _aNew Dlehi
_bDuckworth
_c2003
090 _c34470
_d34470
942 _aNUST-CAE
_cMONOGRAPH
_c27192
999 _c290610
_d290610